Interleukins : vitamins and hormones, advances in research and applications /

First published in 1943, Vitamins and Hormones is the longest-running serial published by Academic Press. In the early days of the serial, the subjects of vitamins and hormones were quite distinct. The Editorial Board now reflects expertise in the field of hormone action, vitamin action, X-ray cryst...

Πλήρης περιγραφή

Λεπτομέρειες βιβλιογραφικής εγγραφής
Άλλοι συγγραφείς: Litwack, Gerald
Μορφή: Ηλ. βιβλίο
Γλώσσα:English
Έκδοση: Amsterdam ; Boston : Elsevier Academic Press, ©2006.
Σειρά:Vitamins and hormones ; v. 74.
Θέματα:
Διαθέσιμο Online:Full Text via HEAL-Link
LEADER 03187nam a2200481 4500
001 ocn647626027
003 OCoLC
005 20180501121929.0
006 m o d
007 cr cn|||||||||
008 061026s2006 ne af ob 001 0 eng d
040 |a E7B  |b eng  |e pn  |c E7B  |d YDXCP  |d OCLCQ  |d UBY  |d NRU  |d OCLCQ  |d N$T  |d OPELS  |d AU@  |d OCLCQ  |d UIU  |d OCLCF  |d DEBSZ  |d OCLCQ  |d EBLCP  |d OCLCQ  |d OTZ  |d OCLCQ  |d DEBBG  |d GrThAP 
019 |a 171113845  |a 436935795  |a 505085625  |a 935262548 
020 |a 9780080466101  |q (electronic bk.) 
020 |a 0080466109  |q (electronic bk.) 
020 |a 0127098747  |q (electronic bk.) 
020 |a 9780127098746  |q (electronic bk.) 
035 |a (OCoLC)647626027  |z (OCoLC)171113845  |z (OCoLC)436935795  |z (OCoLC)505085625  |z (OCoLC)935262548 
050 4 |a QR185.8.I56  |b I68 2006eb 
072 7 |a SCI  |x 007000  |2 bisacsh 
082 0 4 |a 572.579 
049 |a TEFA 
245 0 0 |a Interleukins :  |b vitamins and hormones, advances in research and applications /  |c editor-in-chief, Gerald Litwack. 
260 |a Amsterdam ;  |a Boston :  |b Elsevier Academic Press,  |c ©2006. 
300 |a 1 online resource (xxiv, 569 pages, [16] pages of plates) :  |b illustrations (some color). 
336 |a text  |b txt  |2 rdacontent 
337 |a computer  |b c  |2 rdamedia 
338 |a online resource  |b cr  |2 rdacarrier 
490 1 |a Vitamins and hormones,  |x 0083-6729 ;  |v v. 74 
504 |a Includes bibliographical references and index. 
520 |a First published in 1943, Vitamins and Hormones is the longest-running serial published by Academic Press. In the early days of the serial, the subjects of vitamins and hormones were quite distinct. The Editorial Board now reflects expertise in the field of hormone action, vitamin action, X-ray crystal structure, physiology, and enzyme mechanisms. Under the capable and qualified editorial leadership of Dr. Gerald Litwack, Vitamins and Hormones continues to publish cutting-edge reviews of interest to endocrinologists, biochemists, nutritionists, pharmacologists, cell biologists, and molecular bi. 
505 0 |a Front Cover; Title Page; Copyright Page; Former Editors; Contents; Contributors; Preface; Chapter 1: IL-3, IL-5, and GM-CSF Signaling: Crystal Structure of the Human Beta-Common Receptor; Chapter 2: Crystal Structures and Inhibitors of Proteins Involved in IL-2 Release and T Cell Signaling; Chapter 3: Structural Studies of the Interleukin-19 Subfamily of Cytokines; Chapter 4: Interleukin-22 and Its Crystal Structure; Chapter 5: Control of Interleukin-2 Gene Transcription: A Paradigm for Inducible, Tissue-Specific Gene Expression. 
588 0 |a Print version record. 
650 0 |a Interleukins. 
650 0 |a Growth factors. 
650 7 |a SCIENCE  |x Life Sciences  |x Biochemistry.  |2 bisacsh 
650 7 |a Growth factors.  |2 fast  |0 (OCoLC)fst00948607 
650 7 |a Interleukins.  |2 fast  |0 (OCoLC)fst00976430 
655 4 |a Electronic books. 
700 1 |a Litwack, Gerald. 
776 0 8 |i Print version:  |a Litwack, Gerald.  |t Interleukins : Interleukins.  |d Burlington : Elsevier Science, ©2014  |z 9780127098746 
830 0 |a Vitamins and hormones ;  |v v. 74. 
856 4 0 |u https://www.sciencedirect.com/science/bookseries/00836729/74  |z Full Text via HEAL-Link